000 00356nam a2200157Ia 4500
008 230605s1987 xx 000 0 und d
041 _aeng
100 _aGeorge J. Banwart
245 _aBasic Food Microbiology
260 _bC.B.S.Publication
_c1987
300 _a781p
365 _h10
520 _aGeneral
520 _aHard Board
650 _aC.S.
999 _c419948
_d419948